000 00343nam a22001577a 4500
003 OSt
008 250501b |||||||| |||| 00| 0 eng d
020 _a9780008386597
100 _aSHETTY,Jay
245 _aThink Like A Monk
250 _aRep.
260 _aLondon
_bThorsons
_c2020
300 _a328
650 _aGeneral
942 _2ddc
_cBK
999 _c13484
_d13484